15 mots d'espagnol #3 - Statistiques

Statistiques générales
  • Ce quiz a été pris 58 fois
  • Le résultat moyen est 3 sur 15
Statistiques - réponses
Français Espagnol % Correct
Un élève Un alumno
66%
Derrière Detras
63%
Un ours Un oso
50%
Un juge Un juez
41%
Un tronc Un tronco
25%
Un avant bras Un antebrazo
16%
Un sentier Un sendero
9%
Pieds nus Descalzo
6%
Une harpe Una arpa
6%
Une brosse Un cepillo
6%
Deviner Acertar
3%
Un cornet de glace Un cucurucho
3%
Rendre furieux Enfurecer
0%
Une tape de la main Una palmada
0%
S'enduire / Se tartiner Untarse
0%
Aucun quiz correspondant
Distribution des résultats
% des personnes avec chaque résultat
Percentile par nombre de réponses
Votre historique - résultats
Vous n’avez pas pris ce quiz